000 00433nam a22001577a 4500
005 20251108174807.0
008 250721s9999 xx 000 0 eng d
082 1 4 _a956/LAU
245 1 0 _aPortrait of Islam a Joverney Throvgh the Muslim world /
264 1 _aLONDON :
_bTHAMES & HUNSON,
_c[19-].
300 _a168 P.
650 1 7 _aISLAMIC WORLD
650 1 7 _aORIENTALISM AND ORIENTALISTS
942 _2ddc
_cREF
999 _c118207
_d118207